000
00287nam a22001337a 4500
008
180831b xxu||||| |||| 00| 0 eng d
020
_a
9780155063747
041
_a
eng
080
_a
371
100
_a
25
101
_a
EDU
245
_a
Writer's Choices
_c
Kischner, M
942
_2
udc
_c
BK
999
_c
47421
_d
47421